00390nam a2200133Ia 4500008004100000041001200041082001800053100002200071245006400093250001200157260003100169300001700200650003900217231217s9999 xx 000 0 und d aEnglish a670.42 RAG.3 aRaghuwanshi, B S. 2aA course in workshop technology V.1 : manufacturing process a9th ed. c2002bDhanapat RaiaDelhi axvi, 708+xvi aworkshop,V.1,manufacturing,process